[Event "Rated Rapid game"]
[Site "?"]
[Date "2021.07.24"]
[Round "?"]
[White "Greenwood26"]
[Black "HugoHatakeyama"]
[Result "1-0"]
[WhiteElo "2466"]
[BlackElo "2287"]
[PlyCount "61"]
[EventDate "2021.??.??"]
[EventType "rapid"]

1. e4 e5 2. Nf3 d5 3. d4 dxe4 4. Nxe5 Nf6 5. Bc4 Be6 6. Bxe6 fxe6 7. c3 Bd6 8.
Qb3 Nd5 9. Qxb7 Nd7 10. Bg5 Qc8 11. Qxc8+ Rxc8 12. Nc4 O-O 13. Nbd2 h6 14. Bh4
Bf4 15. Nxe4 g5 16. Bg3 Bxg3 17. hxg3 Kg7 18. Ke2 Rb8 19. Rh2 N7b6 20. Ne5 Na4
21. Rah1 Rxb2+ 22. Kd3 Rh8 23. Nxg5 Rxa2 24. Nxe6+ Kf6 25. Rxh6+ Rxh6 26. Rxh6+
Ke7 27. f4 Nb2+ 28. Ke4 Nxc3+ 29. Kf5 Nbd1 30. Rh7+ Kd6 31. Rd7# {Normal} 1-0

[Event "Rated Blitz game"]
[Site "?"]
[Date "2021.07.24"]
[Round "?"]
[White "Papagayo"]
[Black "storytellingwithGlen"]
[Result "1-0"]
[WhiteElo "2498"]
[BlackElo "2645"]
[PlyCount "143"]
[EventDate "2021.??.??"]
[EventType "blitz"]

1. e4 e5 2. Nf3 d5 3. d4 Nf6 4. dxe5 Nxe4 5. Nc3 Nxc3 6. bxc3 Be7 7. Bd3 Be6 8.
O-O Nd7 9. Qe2 Nc5 10. Nd4 Nxd3 11. cxd3 c5 12. Nxe6 fxe6 13. Qg4 Kd7 14. c4 d4
15. Rb1 b6 16. a4 a5 17. Bf4 g5 18. Bd2 Rb8 19. Rb5 h5 20. Qe4 Qc7 21. Rfb1 Qc6
22. Qxc6+ Kxc6 23. Bxa5 Bd8 24. Bd2 Bc7 25. Bxg5 Bxe5 26. g3 Bc7 27. Kg2 Ra8
28. Bf4 Rhb8 29. a5 e5 30. axb6 Bd6 31. Bg5 Ra3 32. R5b3 Rxb3 33. Rxb3 Rxb6 34.
Rxb6+ Kxb6 35. Kf3 Kc6 36. Ke4 Bc7 37. Bf6 Ba5 38. Bxe5 Kd7 39. Kd5 Be1 40. f4
Bf2 41. f5 Bg1 42. h3 Be3 43. g4 hxg4 44. hxg4 Bg5 45. Kxc5 Be3 46. Kd5 Ke7 47.
c5 Kf7 48. c6 Ke7 49. c7 Kd7 50. f6 Bh6 51. f7 Bf8 52. g5 Kc8 53. g6 Kb7 54. g7
Bxg7 55. Bxg7 Kb6 56. Bxd4+ Kb5 57. Be5 Kb4 58. Kd6 Kb3 59. Kd7 Kb4 60. c8=Q
Kb5 61. f8=Q Ka4 62. d4 Ka5 63. d5 Kb5 64. d6 Ka4 65. Qb8 Ka5 66. Ke6 Ka4 67.
Qfc8 Ka3 68. d7 Ka4 69. d8=Q Ka3 70. Bd6+ Ka2 71. Qc2+ Ka1 72. Qf6# {Normal}
1-0

[Event "Rated Blitz tournament HsaTniBK"]
[Site "?"]
[Date "2021.07.24"]
[Round "?"]
[White "MagistrchessRu"]
[Black "barry-allen"]
[Result "1-0"]
[WhiteElo "2525"]
[BlackElo "2206"]
[PlyCount "95"]
[EventDate "2021.??.??"]
[EventType "blitz"]

1. e4 e5 2. Nf3 d5 3. exd5 e4 4. Qe2 Nf6 5. Nc3 Be7 6. Nxe4 O-O 7. d3 Re8 8.
Be3 Nxd5 9. O-O-O f5 10. Nc3 Nxc3 11. bxc3 Ba3+ 12. Kb1 Qd5 13. Nd4 f4 14. c4
Qa5 15. Nb3 Qa4 16. Qh5 fxe3 17. fxe3 Qd7 18. Be2 Qf7 19. Qh4 Nc6 20. Bh5 g6
21. Bf3 Be7 22. Qe1 Qg7 23. d4 Ba3 24. Qc3 Bf5 25. c5 Nb4 26. e4 Bd7 27. Na5 b6
28. Nc4 a5 29. Nxa3 bxc5 30. Qxc5 Rab8 31. Ka1 Be6 32. c3 Na6 33. Qxa5 Bc8 34.
Rb1 Qf6 35. e5 Qe6 36. Bd5 Qxd5 37. Qxd5+ Be6 38. Rxb8 Bxd5 39. Rxe8+ Kf7 40.
Rh8 Kg7 41. Rd8 Bxg2 42. Rb1 Bd5 43. Rb5 c6 44. Rb6 Nc7 45. Rd7+ Kh6 46. Rxc7
Kg5 47. c4 Kf4 48. cxd5 {Time forfeit} 1-0

[Event "Rated Blitz game"]
[Site "?"]
[Date "2021.07.24"]
[Round "?"]
[White "RomanovRG"]
[Black "Schachelite"]
[Result "0-1"]
[WhiteElo "2360"]
[BlackElo "2492"]
[PlyCount "66"]
[EventDate "2021.??.??"]
[EventType "blitz"]

1. e4 e5 2. Nf3 d5 3. exd5 e4 4. Qe2 Nf6 5. d3 Qxd5 6. Nbd2 Nc6 7. Nxe4 Be6 8.
Bg5 Nxe4 9. Qxe4 Nb4 10. Qxd5 Bxd5 11. O-O-O Nxa2+ 12. Kb1 Bxf3 13. Re1+ Kd7
14. gxf3 Nb4 15. Bh3+ Kc6 16. Bf1 Bd6 17. c3 Nd5 18. d4 Nf4 19. Bc4 f6 20. Bxf4
Bxf4 21. Re7 Bd6 22. Rxg7 Rae8 23. Kc2 a6 24. Kd3 b5 25. Bb3 h5 26. h3 h4 27.
Rhg1 Re7 28. Rxe7 Bxe7 29. Rg7 Kd6 30. Ke4 Bf8 31. Rg4 Rh5 32. Bf7 f5+ 33. Kf4
fxg4 {Normal} 0-1

[Event "Rated Blitz game"]
[Site "?"]
[Date "2021.07.24"]
[Round "?"]
[White "hhperez"]
[Black "mirekkk14"]
[Result "1-0"]
[WhiteElo "2436"]
[BlackElo "2380"]
[PlyCount "75"]
[EventDate "2021.??.??"]
[EventType "blitz"]

1. e4 e5 2. Nf3 d5 3. Nxe5 Bd6 4. d4 dxe4 5. Nc4 Nf6 6. Nxd6+ cxd6 7. Nc3 O-O
8. Be2 d5 9. O-O Nc6 10. h3 Be6 11. Bg5 h6 12. Bh4 a6 13. Na4 g5 14. Bg3 Nd7
15. Bd6 Re8 16. Nc5 Nxc5 17. dxc5 d4 18. Bg4 f5 19. Bh5 Bf7 20. c3 d3 21. Bxf7+
Kxf7 22. f3 e3 23. Qxd3 Qf6 24. f4 g4 25. hxg4 fxg4 26. Qh7+ Qg7 27. Qf5+ Kg8
28. Rae1 Ne7 29. Qe6+ Qf7 30. Qxe3 Nf5 31. Qd3 h5 32. Be5 Rad8 33. Bd4 h4 34.
b3 h3 35. gxh3 g3 36. Re5 Rf8 37. Rxf5 Qxf5 38. Qxg3+ {Normal} 1-0

[Event "Rated Blitz game"]
[Site "?"]
[Date "2021.07.24"]
[Round "?"]
[White "DrGreateinstein"]
[Black "annaly1979"]
[Result "1-0"]
[WhiteElo "2614"]
[BlackElo "2456"]
[PlyCount "123"]
[EventDate "2021.??.??"]
[EventType "blitz"]

1. e4 e5 2. Nf3 d5 3. exd5 e4 4. Nd4 c5 5. Nb3 f5 6. d3 Nf6 7. dxe4 fxe4 8.
Bb5+ Nbd7 9. O-O Bd6 10. Nc3 a6 11. Bxd7+ Bxd7 12. Bg5 O-O 13. Nxe4 Qc7 14.
Nxd6 Qxd6 15. c4 Ng4 16. g3 h6 17. Be3 Rae8 18. Bxc5 Qg6 19. Bxf8 Rxf8 20. Qd2
Ne5 21. Nd4 Nxc4 22. Qc2 Qxc2 23. Nxc2 Nd2 24. Rfd1 Nf3+ 25. Kg2 Ng5 26. h4
Bh3+ 27. Kg1 Nf3+ 28. Kh1 Bf5 29. Ne3 Be4 30. Ng2 Nxh4 31. gxh4 Rxf2 32. Rg1
Bxd5 33. b3 Kh7 34. Kh2 g5 35. hxg5 hxg5 36. Kg3 Kg6 37. Kxf2 Kh5 38. Ne3 Bc6
39. Rad1 g4 40. Rd6 Bf3 41. Rxg4 Bxg4 42. Nxg4 Kxg4 43. Rb6 a5 44. Rxb7 a4 45.
Ra7 a3 46. b4 Kf4 47. b5 Ke5 48. b6 Kd6 49. b7 Kc7 50. Rxa3 Kxb7 51. Rb3+ Kc6
52. Ke3 Kc5 53. Kd3 Kd5 54. a4 Kc5 55. a5 Kd5 56. a6 Ke5 57. a7 Kf4 58. a8=Q
Kg3 59. Qa4 Kf2 60. Rb5 Ke1 61. Rb2 Kf1 62. Qa1# {Normal} 1-0

[Event "Rated Blitz tournament lmlgdwbs"]
[Site "?"]
[Date "2021.07.24"]
[Round "?"]
[White "Hard_Utilizator"]
[Black "om_gendut"]
[Result "1/2-1/2"]
[WhiteElo "2480"]
[BlackElo "2500"]
[PlyCount "283"]
[EventDate "2021.??.??"]
[EventType "blitz"]

1. e4 e5 2. Nf3 d5 3. Nxe5 Bd6 4. d4 dxe4 5. Nc4 Be7 6. Be2 Nf6 7. O-O O-O 8.
Nc3 Bf5 9. Bg5 Nbd7 10. Ne3 Bg6 11. f3 h6 12. Bh4 Re8 13. Qd2 c6 14. Rad1 Qb6
15. Nc4 Qd8 16. Kh1 Nd5 17. Bxe7 Qxe7 18. Nxe4 Bxe4 19. fxe4 Qxe4 20. Nd6 Qxe2
21. Nxe8 Qxd2 22. Rxd2 Rxe8 23. c4 N5f6 24. d5 cxd5 25. cxd5 Ne4 26. Rd4 Ndf6
27. Rc1 Re7 28. Kg1 Rd7 29. Rc8+ Kh7 30. Rb8 b6 31. Ra8 Nd6 32. a4 Nf5 33. Rd2
h5 34. b4 g6 35. a5 bxa5 36. bxa5 Kg7 37. a6 Nxd5 38. Rb8 Rd6 39. Rb7 Nfe3 40.
Rxa7 Rb6 41. Rb7 Rxa6 42. Rb1 Nf4 43. Re1 Nexg2 44. Rxg2 Nxg2 45. Kxg2 Ra2+ 46.
Kf3 Ra5 47. h4 Rf5+ 48. Kg3 Rf6 49. Rb1 Re6 50. Rb4 Rf6 51. Rb5 Re6 52. Rb8 Rf6
53. Kh3 Rf5 54. Kg2 Rf6 55. Kg3 Re6 56. Rb5 Rf6 57. Rb4 Rf5 58. Re4 Rf6 59. Re3
Re6 60. Rc3 Rf6 61. Ra3 Rf5 62. Ra4 Rf6 63. Rb4 Re6 64. Rc4 Rf6 65. Rc3 Rf5 66.
Rc2 Rf6 67. Rc1 Re6 68. Kg2 Rf6 69. Kh2 Rf5 70. Rd1 Rf6 71. Rd2 Re6 72. Rd3 Rf6
73. Rd4 Rf5 74. Rd5 Rf6 75. Rg5 Re6 76. Rg3 Rf6 77. Rg1 Rf5 78. Rg2 Rf6 79. Rg3
Re6 80. Rg2 Rf6 81. Rg3 Rf5 82. Kh3 Rf6 83. Rf3 Re6 84. Re3 Rf6 85. Rf3 Rf5 86.
Rg3 Rf6 87. Rg5 Re6 88. Kg3 Rf6 89. Re5 Rf5 90. Re6 Rf6 91. Re7 Re6 92. Rxf7+
Kxf7 93. Kf4 Rf6+ 94. Kg5 Rf5+ 95. Kh6 Ke6 96. Kxg6 Rf4 97. Kxh5 Rf3 98. Kg5
Rf5+ 99. Kg4 Rf6 100. Kg3 Rf7 101. Kg4 Rh7 102. h5 Kf7 103. Kg5 Kg8 104. Kg4
Kh8 105. Kg5 Ra7 106. Kg4 Ra6 107. Kg5 Ra5+ 108. Kg6 Ra6+ 109. Kg5 Ra7 110. h6
Ra6 111. h7 Ra5+ 112. Kg6 Ra6+ 113. Kf7 Ra7+ 114. Kg6 Ra6+ 115. Kh5 Kxh7 116.
Kh4 Rh6+ 117. Kg4 Rg6+ 118. Kf3 Kg7 119. Ke3 Rf6 120. Ke4 Kf7 121. Ke5 Re6+
122. Kf5 Ke7 123. Kg4 Rd6 124. Kg5 Rf6 125. Kg4 Ke6 126. Kg5 Rf5+ 127. Kg4 Ke5
128. Kg3 Rf4 129. Kg2 Ke4 130. Kg3 Rf3+ 131. Kg2 Ke3 132. Kh2 Rf2+ 133. Kg3 Ke2
134. Kg4 Ke3 135. Kg5 Rf4 136. Kg6 Ke4 137. Kg7 Rf5 138. Kg8 Ke5 139. Kg7 Rf6
140. Kh7 Ke6 141. Kg7 Rf7+ 142. Kg8 {Time forfeit} 1/2-1/2

[Event "Rated Blitz game"]
[Site "?"]
[Date "2021.07.24"]
[Round "?"]
[White "cyrilortega62"]
[Black "rofaidah"]
[Result "0-1"]
[WhiteElo "2493"]
[BlackElo "2446"]
[PlyCount "92"]
[EventDate "2021.??.??"]
[EventType "blitz"]

1. e4 e5 2. Nf3 d5 3. exd5 e4 4. Bb5+ c6 5. dxc6 bxc6 6. Ne5 cxb5 7. O-O Bd6 8.
f4 Nf6 9. d4 exd3 10. cxd3 O-O 11. d4 Bb7 12. Nc3 Nc6 13. Be3 b4 14. Nb5 Bb8
15. Rc1 a6 16. Nxc6 Bxc6 17. Rxc6 axb5 18. f5 Rxa2 19. Bg5 Qd7 20. Rxf6 Be5 21.
dxe5 Qxd1 22. Rxd1 gxf6 23. Bxf6 Ra6 24. Rd4 Rb8 25. Rxb4 Ra4 26. Rxa4 bxa4 27.
e6 fxe6 28. fxe6 Rb6 29. e7 Kf7 30. Bc3 Kxe7 31. Kf2 Rb3 32. Bd4 Ke6 33. h3 Kd5
34. Bg7 Ke4 35. Bh8 Rd3 36. Bg7 h5 37. Bf6 h4 38. Bxh4 Rd2+ 39. Kg3 Rxb2 40.
Be7 a3 41. Kg4 a2 42. Bf6 a1=Q 43. Bxb2 Qxb2 44. h4 Qxg2+ 45. Kh5 Kf5 46. Kh6
Qg6# {Normal} 0-1

[Event "Rated Blitz game"]
[Site "?"]
[Date "2021.07.24"]
[Round "?"]
[White "SalehiMehdi"]
[Black "lavilaine"]
[Result "0-1"]
[WhiteElo "2396"]
[BlackElo "2408"]
[PlyCount "140"]
[EventDate "2021.??.??"]
[EventType "blitz"]

1. e4 e5 2. Nf3 d5 3. exd5 e4 4. Qe2 f5 5. d3 Nf6 6. Bg5 Qxd5 7. Bxf6 gxf6 8.
Nc3 Bb4 9. dxe4 Bxc3+ 10. bxc3 fxe4 11. Nd2 f5 12. f3 O-O 13. fxe4 fxe4 14.
Qxe4 Qxe4+ 15. Nxe4 Re8 16. Bd3 Bf5 17. O-O-O Bxe4 18. Bxe4 Rxe4 19. Rd8+ Kg7
20. Rf1 a5 21. Rff8 Nd7 22. Rg8+ Kf7 23. Rxa8 Nf6 24. Rgf8+ Ke7 25. Rfc8 Kd7
26. Rd8+ Kc6 27. Rd4 Re2 28. Rd2 Re1+ 29. Kb2 b6 30. Rf8 Ng4 31. h3 Ne5 32.
Rf6+ Kb5 33. Rf5 c5 34. Rxe5 Rxe5 35. g4 Re3 36. Rh2 Rg3 37. Kb3 a4+ 38. Kb2
Kc4 39. Rh1 Rxc3 40. g5 Rg3 41. h4 b5 42. Rf1 Rg4 43. Rh1 b4 44. Rh2 Rg1 45. a3
Kb5 46. Re2 Rg4 47. Rh2 Rg3 48. axb4 cxb4 49. Re2 a3+ 50. Ka2 Ka4 51. Re8 Rc3
52. Ra8+ Kb5 53. Kb1 b3 54. cxb3 Rxb3+ 55. Ka2 Rh3 56. Rb8+ Ka4 57. Ra8+ Kb4
58. Rb8+ Ka4 59. Ra8+ Kb4 60. Ra7 Rxh4 61. Rb7+ Ka4 62. Ra7+ Kb4 63. Rg7 Ka4
64. g6 Rh2+ 65. Kb1 hxg6 66. Rxg6 a2+ 67. Ka1 Kb3 68. Rg3+ Ka4 69. Rf3 Kb4 70.
Re3 Ka5 {Time forfeit} 0-1

[Event "Rated Blitz tournament sPaOeiQi"]
[Site "?"]
[Date "2021.07.24"]
[Round "?"]
[White "A_L_chess"]
[Black "Muifel"]
[Result "0-1"]
[WhiteElo "2245"]
[BlackElo "2413"]
[PlyCount "84"]
[EventDate "2021.??.??"]
[EventType "blitz"]

1. e4 e5 2. Nf3 d5 3. Nxe5 Bd6 4. d4 dxe4 5. Nc4 Be7 6. Ne3 Nf6 7. c4 O-O 8.
Be2 Nc6 9. d5 Ne5 10. Nc3 c6 11. h3 Qb6 12. O-O Rd8 13. Qb3 Bc5 14. Rd1 Qc7 15.
Na4 Be7 16. Nc3 b6 17. Bd2 Bb7 18. Be1 cxd5 19. Ncxd5 Nxd5 20. Nxd5 Bxd5 21.
cxd5 Bc5 22. Bb4 Rd6 23. Bxc5 bxc5 24. Qe3 f5 25. Qf4 Re8 26. Rac1 Ng6 27. Qxf5
Rf6 28. Qg5 Nf4 29. Bf1 Nxh3+ 30. gxh3 Rg6 31. Qxg6 hxg6 32. d6 Qd7 33. Rxc5
Rd8 34. Bc4+ Kh7 35. Re5 Qxh3 36. Rxe4 Qh5 37. Rd3 g5 38. Kg2 g4 39. Rg3 Rxd6
40. Rexg4 Rh6 41. Bd3+ Kg8 42. Rd4 Qh1# {Normal} 0-1

[Event "Rated Blitz game"]
[Site "?"]
[Date "2021.07.24"]
[Round "?"]
[White "FranciscoMw"]
[Black "artsportscience"]
[Result "1-0"]
[WhiteElo "2405"]
[BlackElo "2412"]
[PlyCount "35"]
[EventDate "2021.??.??"]
[EventType "blitz"]

1. e4 e5 2. Nf3 d5 3. exd5 e4 4. Qe2 Nf6 5. d3 Qxd5 6. dxe4 Qxe4 7. Nc3 Bb4 8.
Bd2 Qxe2+ 9. Bxe2 O-O 10. O-O Bf5 11. Nd4 Bg6 12. f4 Bxc3 13. Bxc3 c5 14. Nb5
Bxc2 15. Nc7 Nc6 16. Nxa8 Rxa8 17. Rac1 Be4 18. Bxf6 {Normal} 1-0

[Event "Rated Blitz game"]
[Site "?"]
[Date "2021.07.24"]
[Round "?"]
[White "Merthiiin"]
[Black "annaly1979"]
[Result "0-1"]
[WhiteElo "2578"]
[BlackElo "2445"]
[PlyCount "60"]
[EventDate "2021.??.??"]
[EventType "blitz"]

1. e4 e5 2. Nf3 d5 3. exd5 e4 4. Qe2 f5 5. d3 Nf6 6. Nc3 Bb4 7. dxe4 Bxc3+ 8.
bxc3 fxe4 9. c4 O-O 10. Nd4 c5 11. Nb3 Bf5 12. h3 a6 13. Be3 Nbd7 14. g4 Bg6
15. Bg2 Re8 16. a4 Qe7 17. a5 Qe5 18. O-O Rac8 19. Rab1 Qc3 20. Rfc1 Ne5 21.
Bf1 Nf3+ 22. Kh1 h5 23. Nxc5 Rxc5 24. Bxc5 Qe5 25. Qxf3 exf3 26. Rxb7 hxg4 27.
Rd1 g3 28. fxg3 Qxg3 29. d6 f2 30. Bg2 Be4 {Normal} 0-1

[Event "Rated Blitz game"]
[Site "?"]
[Date "2021.07.24"]
[Round "?"]
[White "e2m2c4c2p2"]
[Black "BrilliantGambiteer"]
[Result "0-1"]
[WhiteElo "2331"]
[BlackElo "2417"]
[PlyCount "42"]
[EventDate "2021.??.??"]
[EventType "blitz"]

1. e4 e5 2. Nf3 d5 3. exd5 Bd6 4. d4 e4 5. Ne5 Nf6 6. Nc4 Nxd5 7. Nxd6+ Qxd6 8.
c4 Nf6 9. Be2 O-O 10. O-O Nc6 11. Be3 Bf5 12. Nc3 Rad8 13. b3 Nxd4 14. Bxd4
Qxd4 15. Qxd4 Rxd4 16. Nb5 Rd7 17. Nxa7 c6 18. a4 Ra8 19. Rfd1 Rxa7 20. Rxd7
Bxd7 21. Rd1 Kf8 {Normal} 0-1

[Event "Rated Blitz game"]
[Site "?"]
[Date "2021.07.24"]
[Round "?"]
[White "King__Crusher"]
[Black "Schachelite"]
[Result "0-1"]
[WhiteElo "2282"]
[BlackElo "2443"]
[PlyCount "102"]
[EventDate "2021.??.??"]
[EventType "blitz"]

1. e4 e5 2. Nf3 d5 3. Nxe5 Bd6 4. d4 dxe4 5. Bc4 Bxe5 6. dxe5 Qxd1+ 7. Kxd1 Nc6
8. Nc3 Bg4+ 9. Be2 O-O-O+ 10. Ke1 Nxe5 11. Nxe4 f5 12. Ng3 Bxe2 13. Kxe2 Ne7
14. Bg5 Rhe8 15. Rad1 Nc4 16. Rxd8+ Kxd8 17. Rd1+ Kc8 18. b3 Nd6 19. Bxe7 Rxe7+
20. Kd2 f4 21. Ne2 Ne4+ 22. Ke1 Nc3 23. Rd2 g5 24. a4 c5 25. Kf1 Ne4 26. Rd3
Kc7 27. Nc3 Nxc3 28. Rxc3 Kc6 29. h4 gxh4 30. Rh3 c4 31. bxc4 Re4 32. Rxh4 Rxc4
33. Rxh7 Rxc2 34. Rh4 Rc4 35. g3 Rxa4 36. gxf4 b5 37. Ke2 a5 38. Kd3 Ra2 39. f3
a4 40. Kc3 Ra3+ 41. Kb4 Rb3+ 42. Ka5 a3 43. Rh1 a2 44. Ra1 Rb2 45. f5 b4 46.
Ka4 b3 47. f6 Kd6 48. Re1 Rb1 49. f7 a1=Q+ 50. Kb4 Qd4+ 51. Ka3 Ra1+ {Normal}
0-1

[Event "Rated Blitz tournament lmlgdwbs"]
[Site "?"]
[Date "2021.07.24"]
[Round "?"]
[White "Bocharov-Ivan"]
[Black "Turkmentiger2020"]
[Result "1-0"]
[WhiteElo "2567"]
[BlackElo "2581"]
[PlyCount "93"]
[EventDate "2021.??.??"]
[EventType "blitz"]

1. e4 e5 2. Nf3 d5 3. exd5 e4 4. Qe2 Be7 5. Qxe4 Nf6 6. Qa4+ c6 7. dxc6 O-O 8.
Nc3 Re8 9. Be2 Nxc6 10. O-O Bc5 11. d4 Bxd4 12. Nxd4 Nxd4 13. Be3 Nxe2+ 14.
Nxe2 Bd7 15. Qb3 Be6 16. Qxb7 Ng4 17. Nf4 Qh4 18. h3 Nxe3 19. fxe3 Qg5 20. Nxe6
Qxe3+ 21. Kh1 Qxe6 22. Rae1 Qxe1 23. Rxe1 Rxe1+ 24. Kh2 Ree8 25. c4 Rab8 26.
Qd7 Red8 27. Qe7 Re8 28. Qa3 Rec8 29. b3 Ra8 30. Qa6 Rc7 31. b4 Rac8 32. c5 f5
33. a4 g6 34. h4 Kg7 35. a5 Kh6 36. c6 Rxc6 37. Qxa7 Rc2 38. Qe3+ Kg7 39. a6
Ra2 40. b5 Rcc2 41. Qe7+ Kh6 42. Qg5+ Kg7 43. b6 Rcb2 44. b7 Rxa6 45. Qe7+ Kh6
46. Qe3+ Kg7 47. Qe5+ {Normal} 1-0

[Event "Rated Blitz tournament RjCVqjC5"]
[Site "?"]
[Date "2021.07.24"]
[Round "?"]
[White "Bonessa97"]
[Black "Madjrs72"]
[Result "1-0"]
[WhiteElo "2401"]
[BlackElo "2443"]
[PlyCount "35"]
[EventDate "2021.??.??"]
[EventType "blitz"]

1. e4 e5 2. Nf3 d5 3. exd5 e4 4. Qe2 Nf6 5. Nc3 Be7 6. Nxe4 Nxd5 7. d3 O-O 8.
Qd1 Re8 9. Be2 f5 10. Ng3 Bb4+ 11. c3 Nxc3 12. bxc3 Bxc3+ 13. Bd2 Bxa1 14. Qxa1
Qxd3 15. O-O Rxe2 16. Nxe2 Qxe2 17. Re1 Qb5 18. Re7 {Normal} 1-0

[Event "Rated Blitz game"]
[Site "?"]
[Date "2021.07.23"]
[Round "?"]
[White "danfii"]
[Black "Schachelite"]
[Result "1-0"]
[WhiteElo "2516"]
[BlackElo "2424"]
[PlyCount "76"]
[EventDate "2021.??.??"]
[EventType "blitz"]

1. e4 e5 2. Nf3 d5 3. Nxe5 Bd6 4. d4 dxe4 5. Be2 Bxe5 6. dxe5 Qxd1+ 7. Bxd1 Nc6
8. Nc3 Bf5 9. Bf4 Nge7 10. g4 Bg6 11. h4 h5 12. g5 O-O-O 13. Be2 Nd5 14. Nxd5
Rxd5 15. Rd1 Rhd8 16. Rxd5 Rxd5 17. e6 fxe6 18. Bc4 Nd4 19. Bxd5 exd5 20. c3
Nf3+ 21. Ke2 c5 22. Rd1 d4 23. cxd4 cxd4 24. Rc1+ Kd8 25. Rc7 Nxh4 26. Rxg7 Bf5
27. Rf7 Bg4+ 28. Kf1 Ng6 29. Rf6 e3 30. fxe3 d3 31. Ke1 Nh4 32. Kd2 Be2 33. e4
Ke7 34. e5 Nf3+ 35. Kc3 h4 36. g6 h3 37. g7 h2 38. g8=Q h1=Q {Normal} 1-0

[Event "Rated Blitz game"]
[Site "?"]
[Date "2021.07.23"]
[Round "?"]
[White "alexanderdeus"]
[Black "pasha1984"]
[Result "0-1"]
[WhiteElo "2321"]
[BlackElo "2405"]
[PlyCount "72"]
[EventDate "2021.??.??"]
[EventType "blitz"]

1. e4 e5 2. Nf3 d5 3. d3 dxe4 4. dxe4 Qxd1+ 5. Kxd1 f6 6. Be3 Be6 7. Bd3 Nd7 8.
Ke2 Bc5 9. Rd1 O-O-O 10. Nc3 Ne7 11. b3 g5 12. Na4 Bxe3 13. Kxe3 h5 14. Nd2 Ng6
15. Bc4 Bxc4 16. bxc4 h4 17. Nc3 Nf4 18. g3 hxg3 19. hxg3 Ne6 20. Nd5 c6 21.
Ne7+ Kc7 22. Nf5 Nb6 23. a4 Nd4 24. Ra2 Nxf5+ 25. exf5 Nxc4+ 26. Ke2 Nxd2 27.
Rxd2 Rxd2+ 28. Kxd2 Rd8+ 29. Ke3 b6 30. c3 Rd5 31. Rb2 Ra5 32. Rb4 c5 33. Rc4
Kd6 34. Ke4 a6 35. f4 b5 36. fxg5 fxg5 {Normal} 0-1

[Event "Rated Blitz game"]
[Site "?"]
[Date "2021.07.23"]
[Round "?"]
[White "Pohvalit_Aleksandr"]
[Black "annaly1979"]
[Result "1-0"]
[WhiteElo "2429"]
[BlackElo "2441"]
[PlyCount "59"]
[EventDate "2021.??.??"]
[EventType "blitz"]

1. e4 e5 2. Nf3 d5 3. exd5 e4 4. Nd4 c5 5. Nb3 f5 6. c4 Nf6 7. Nc3 Bd6 8. d3
O-O 9. Bg5 Qe8 10. Bxf6 Rxf6 11. dxe4 fxe4 12. Qe2 Bf5 13. O-O-O a6 14. Kb1 Nd7
15. Ka1 Rf7 16. g4 Bg6 17. h4 Re7 18. h5 Bf7 19. g5 e3 20. f3 Bf4 21. Ne4 Rxe4
22. fxe4 Qxe4 23. Bg2 Qe5 24. g6 hxg6 25. hxg6 Bxg6 26. Qg4 Bf5 27. Qh4 Re8 28.
d6 e2 29. Bd5+ Kf8 30. Qh8# {Normal} 1-0

[Event "Rated Blitz game"]
[Site "?"]
[Date "2021.07.23"]
[Round "?"]
[White "Taimanovitsch"]
[Black "Winquitter"]
[Result "1-0"]
[WhiteElo "2512"]
[BlackElo "2542"]
[PlyCount "67"]
[EventDate "2021.??.??"]
[EventType "blitz"]

1. e4 e5 2. Nf3 d5 3. exd5 e4 4. Qe2 Be7 5. Qxe4 Nf6 6. Qe2 O-O 7. d4 Re8 8.
Be3 Nxd5 9. Nc3 Bb4 10. Qd2 c6 11. Bc4 Qa5 12. Bxd5 cxd5 13. O-O Nc6 14. a3
Bxc3 15. bxc3 Bg4 16. Ne1 Qa4 17. Nd3 b6 18. Nb4 Red8 19. Bg5 f6 20. Bh4 Na5
21. Rfe1 Nc4 22. Qf4 Bh5 23. Bxf6 gxf6 24. Qxf6 Qd7 25. Re7 Qg4 26. Rae1 Rf8
27. Nxd5 Rxf6 28. Nxf6+ Kf8 29. Nxg4 Bxg4 30. Rxh7 Nxa3 31. Rh8+ Kf7 32. Rxa8
Nxc2 33. Rxa7+ Kf6 34. Re8 {Normal} 1-0

[Event "Rated Blitz game"]
[Site "?"]
[Date "2021.07.23"]
[Round "?"]
[White "Benga40"]
[Black "BrilliantGambiteer"]
[Result "1-0"]
[WhiteElo "2332"]
[BlackElo "2414"]
[PlyCount "101"]
[EventDate "2021.??.??"]
[EventType "blitz"]

1. e4 e5 2. Nf3 d5 3. Nc3 dxe4 4. Nxe4 Nc6 5. Bb5 Qd5 6. Nc3 Qe6 7. O-O Bd6 8.
d4 Qg6 9. d5 a6 10. Bd3 Qh5 11. dxc6 bxc6 12. Ne4 Bg4 13. Nxd6+ cxd6 14. Be2
Nf6 15. Qxd6 Rd8 16. Qxc6+ Kf8 17. Qc5+ Kg8 18. c4 e4 19. Qxh5 Bxh5 20. Nd4
Rxd4 21. Bxh5 Nxh5 22. b3 f5 23. Be3 Rd8 24. Rad1 Kf7 25. c5 Nf6 26. h3 Rd5 27.
Rxd5 Nxd5 28. Rd1 Ke6 29. Rd4 Ke5 30. Ra4 Ra8 31. Bd4+ Ke6 32. b4 g6 33. b5 Nc7
34. b6 Nb5 35. Be3 Kd5 36. b7 Rb8 37. Rxa6 Rxb7 38. a4 Nc3 39. Rd6+ Kc4 40. c6
Rb1+ 41. Kh2 Nd5 42. Rxd5 Kxd5 43. c7 f4 44. c8=Q fxe3 45. fxe3 Re1 46. Qb7+
Ke5 47. Qb5+ Kf6 48. Qb2+ Kg5 49. Qe5+ Kh6 50. Qf4+ Kg7 51. Qxe4 {Normal} 1-0

[Event "Rated Blitz game"]
[Site "?"]
[Date "2021.07.23"]
[Round "?"]
[White "RomanovRG"]
[Black "pasha1984"]
[Result "1-0"]
[WhiteElo "2376"]
[BlackElo "2415"]
[PlyCount "43"]
[EventDate "2021.??.??"]
[EventType "blitz"]

1. e4 e5 2. Nf3 d5 3. exd5 e4 4. Qe2 Nf6 5. d3 Qxd5 6. Nbd2 Nc6 7. Nxe4 Be6 8.
Nxf6+ gxf6 9. Qe4 Qxe4+ 10. dxe4 Nb4 11. Bd3 O-O-O 12. Ke2 f5 13. exf5 Nxd3 14.
fxe6 Nb4 15. c3 Nd5 16. exf7 Rd7 17. Rd1 c6 18. c4 Nb4 19. Rxd7 Kxd7 20. a3 Nc2
21. Rb1 Bg7 22. Kd3 {Normal} 1-0

[Event "Rated Blitz game"]
[Site "?"]
[Date "2021.07.23"]
[Round "?"]
[White "Elgranconejo"]
[Black "tactinhos2900"]
[Result "1-0"]
[WhiteElo "2577"]
[BlackElo "2653"]
[PlyCount "145"]
[EventDate "2021.??.??"]
[EventType "blitz"]

1. e4 e5 2. Nf3 d5 3. exd5 e4 4. Qe2 Be7 5. Qxe4 Nf6 6. Qa4+ c6 7. dxc6 O-O 8.
Be2 Nxc6 9. O-O a6 10. c3 b5 11. Qc2 Bb7 12. d4 Rc8 13. Be3 Nd5 14. Bd3 h6 15.
Qe2 Bd6 16. Nbd2 Re8 17. Ne4 Bf4 18. Rae1 f5 19. Nc5 Nxe3 20. Nxb7 Qc7 21. fxe3
Rxe3 22. Qd1 Qxb7 23. Bxf5 Rce8 24. Rxe3 Bxe3+ 25. Kh1 Qf7 26. Ne5 Qd5 27. Bg6
Rf8 28. Rxf8+ Kxf8 29. Qf1+ Ke7 30. Nxc6+ Qxc6 31. Qf7+ Kd8 32. Qxg7 Bg5 33.
Qf8+ Kc7 34. Qf7+ Kb6 35. Bf5 Qd6 36. g3 Bc1 37. b3 Bb2 38. Qg6 Qxg6 39. Bxg6
Bxc3 40. d5 Kc5 41. Be4 Kd6 42. Bf3 Ke5 43. Kg2 Kf5 44. h4 Be5 45. g4+ Kf4 46.
Kf2 Bd6 47. Ke2 Kg3 48. g5 hxg5 49. hxg5 Kf4 50. g6 Be5 51. d6 Kg5 52. d7 Bf6
53. g7 Bxg7 54. d8=Q+ Bf6 55. Qb6 b4 56. Qxa6 Bc3 57. Qc4 Kf6 58. Qe4 Be5 59.
Kd3 Bc3 60. Qc6+ Kg5 61. Qxc3 bxc3 62. Kxc3 Kf4 63. Kc4 Ke5 64. Kc5 Kf4 65. b4
Kxf3 66. b5 Ke3 67. b6 Kd2 68. b7 Kd3 69. b8=Q Ke4 70. Qb4+ Kd3 71. a4 Ke3 72.
a5 Kd3 73. a6 {Normal} 1-0

[Event "Rated Blitz game"]
[Site "?"]
[Date "2021.07.23"]
[Round "?"]
[White "H-HH"]
[Black "GoughPhar"]
[Result "1-0"]
[WhiteElo "2413"]
[BlackElo "2459"]
[PlyCount "111"]
[EventDate "2021.??.??"]
[EventType "blitz"]

1. e4 e5 2. Nf3 d5 3. exd5 e4 4. Qe2 Nf6 5. Nc3 Be7 6. Nxe4 O-O 7. d3 Re8 8.
Qd1 Qxd5 9. Nxf6+ Bxf6+ 10. Be2 Nc6 11. O-O Bg4 12. c3 Rad8 13. d4 Qh5 14. Be3
Ne5 15. Re1 Nxf3+ 16. Bxf3 Bxf3 17. Qxf3 Qxf3 18. gxf3 h6 19. Bf4 c6 20. Kf1 g5
21. Bc7 Rc8 22. Rxe8+ Rxe8 23. Re1 Rxe1+ 24. Kxe1 Kg7 25. h3 Kg6 26. f4 Kh5 27.
fxg5 Bxg5 28. Bg3 Bc1 29. b3 f5 30. Kd1 Bg5 31. f3 f4 32. Bf2 Bf6 33. Ke2 Kg5
34. Kd3 Kf5 35. c4 Bg5 36. d5 cxd5 37. cxd5 Ke5 38. d6 a6 39. d7 Kd6 40. Ke4
Kxd7 41. Be1 Kc6 42. Bd2 Kc5 43. a3 Bf6 44. Bxf4 Bg7 45. Be3+ Kb5 46. f4 a5 47.
f5 a4 48. bxa4+ Kxa4 49. Bc5 Kb5 50. Kd5 b6 51. Be7 Ka4 52. Kc6 b5 53. Kd5 Bb2
54. Ke6 Bc3 55. f6 Bxf6 56. Kxf6 {Normal} 1-0